Agro climatology: principles and predictions (Record no. 13801)
[ view plain ]
| 000 -LEADER | |
|---|---|
| fixed length control field | 00369nam a22001457a 4500 |
| 020 ## - INTERNATIONAL STANDARD BOOK NUMBER | |
| ISBN | 9788185211893 |
| 082 ## - DEWEY DECIMAL CLASSIFICATION NUMBER | |
| Classification number | 551.6 |
| Item number | GAN/AG |
| 100 ## - MAIN ENTRY--AUTHOR NAME | |
| Personal name | Ganesaraja,V |
| 245 ## - TITLE STATEMENT | |
| Title | Agro climatology: principles and predictions |
| 260 ## - PUBLICATION, DISTRIBUTION, ETC. (IMPRINT) | |
| Place of publication | New Delhi |
| Name of publisher | Associated Publishing Comany |
| Year of publication | 2011 |
| 300 ## - PHYSICAL DESCRIPTION | |
| Number of Pages | 90p |
| 700 ## - ADDED ENTRY--PERSONAL NAME | |
| Personal name | Veeraputhiran, R |
| 700 ## - ADDED ENTRY--PERSONAL NAME | |
| Personal name | Paulpandi,V.K |
| 942 ## - ADDED ENTRY ELEMENTS (KOHA) | |
| Koha item type | Books |
| Withdrawn status | Lost status | Damaged status | Collection code | Home library | Current library | Shelving location | Date acquired | Source of acquisition | Cost, normal purchase price | Full call number | Accession Number | Koha item type |
|---|---|---|---|---|---|---|---|---|---|---|---|---|
| Non-fiction | KAUAET | KAUAET | General Stacks | 31/03/2012 | International Books & Periodicals Supply Service, Delhi | 300.00 | 551.6 GAN/AG | 23402 | Books |
